Movies Quiz

Random Movies or Disney Quiz

Obscure Disney Quote Quiz! Stats

Quiz not verified by Sporcle

Also try: Liam Neeson Movies
Challenge
Share
Tweet
Embed
Score 0/16 Timer 05:00
0 Plays Today
Quote Movie % Correct
'The soldier from the mountain!'Mulan
81.8%
'Oh, why, it's my dream prince! Your highness! No, I'm really not supposed to speak to strangers. But we've met before!'Sleeping Beauty
80.6%
'It's our motto.'The Lion King
78.6%
'Excuse us for interrupting, we're from the Rescue Aid Society.'The Rescuers Down Under
75.9%
'This is -----, the emperor's advisor. Living proof that dinosaurs once roamed the Earth.'The Emperor's New Groove
72.7%
'Normal? What do YOU know about normal? What does ANYONE in THIS family know about normal?'The Incredibles
67.4%
'I don't know where I am! I don't know what's going on, I think I lost somebody but I, I can't remember.'Finding Nemo
65.8%
'Hurry now, ------. We must be all squeaky clean for the New World.'Pocahontas
65.7%
Quote Movie % Correct
Do as you like with them. Drown them. But I warn you, ------ , we're through. I'm through with all of you. I'll get even, you'll be sorry!'101 Dalmatians
57.8%
'How do I get myself into these situations? I should be writing symphonies - not tagging along after some headstrong teenager.'The Little Mermaid
47.3%
'I'm assuming that's a joke. I'm ignoring you for time reasons. This, my friend, is merely a model, because unfortunately, time machine number two is in the hands of _________!'Meet the Robinsons
30.4%
'Blow me to Bermuda!'The Sword in the Stone
27.4%
'You most certainly did not, you pompous paraffin-headed pea-brain!'Beauty and the Beast
21.9%
'I don't want locomotiary substitution or remote intransitory convolution; only one precise solution is the key: substitutiary locomotion it must be!'Bedknobs and Broomsticks
20.7%
'Help! I don't like the ocean! Ahh! Oh look, a friendly little dolphin. They helped sailors during the war. It's a shark! It's a shark and it ain't friendly! Looks like a dolphin!'Lilo & Stitch
14%
'You know, Daddy, this is my very best birthday.'The Great Mouse Detective
9.6%

You're not logged in!

Compare scores with friends on all Sporcle quizzes.
Sign Up with Email
OR
Log In

You Might Also Like...

Show Comments

Extras

Top Quizzes Today


Score Distribution

Your Account Isn't Verified!

In order to create a playlist on Sporcle, you need to verify the email address you used during registration. Go to your Sporcle Settings to finish the process.

Report this User

Report this user for behavior that violates our Community Guidelines.

Details: